Normal view
MARC view
- القدس-الأدب العربي
Entry Topical Term
001 - CONTROL NUMBER
- control field: 48291
003 - CONTROL NUMBER IDENTIFIER
- control field: JO-AjAnu
005 - DATE AND TIME OF LATEST TRANSACTION
- control field: 20230606081951.0
008 - FIXED-LENGTH DATA ELEMENTS
- fixed length control field: 230606|| aca||aabn | a|a d
040 ## - CATALOGING SOURCE
- Original cataloging agency: JO-AjAnu
- Transcribing agency: JO-AjAnu
150 ## - HEADING--TOPICAL TERM
- Topical term or geographic name entry element: القدس-الأدب العربي
670 ## - SOURCE DATA FOUND
- Source citation: Work cat.: (JO-AjAnu)24706: تأليفأ بو الشعر،عقيل؛ ترجمة وتحقيق كاظم،عدنان عبد الحميد, author 48290, القدس حرة: نهلة "غصن الزيوت"